000 00896nam a22002177a 4500
999 _c11129
_d11129
003 AR-CdUCM
008 190403b ||||| |||| 00| 0 spa d
040 _aMUNICIPALIDAD PROVINCIAL DEL CUSCO
_cBIBLIOTECA MUNICIPAL DEL CUSCO
082 _a376.51 /
_bUN61 / 1551
110 _a La Universidad Nacional Mayor de San Marcos
_928312
245 _aIV° centenario de la fundación de la universidad real y pontificia y de su vigorosa continuidad histórica /
260 _aLima :
_bSanta María,
_c1951.
300 _a282 páginas ;
_c27 cm.
505 _aContenido : Una palabra -- Lima y la universidad -- Los orígenes de la Universidad Mayor de San Marcos -- El periodo dominico de la universidad ...
650 _aHistoria
_9136
650 _aUniversidad
_91570
650 _aMayor de San Marcos
_928313
700 _aEguiguren, Luis Antonio
_925821
942 _2ddc
_cLIBROS
945 _arah